[Event "Bundesliga 2122"]
[Site "Germany"]
[Date "2022.05.01"]
[Round "6.7"]
[White "Lamby, Philipp"]
[Black "Markgraf, Alexander"]
[Result "1/2-1/2"]
[WhiteElo "2140"]
[BlackElo "2482"]
[PlyCount "58"]
[EventDate "2022.03.05"]
[EventType "team-tourn"]
[EventRounds "15"]
[EventCountry "GER"]
[SourceTitle "EXT 2023"]
[Source "ChessBase"]
[SourceDate "2022.10.05"]
[SourceVersion "1"]
[SourceVersionDate "2022.10.05"]
[SourceQuality "1"]
[WhiteTeam "Aachen"]
[BlackTeam "Werder Bremen"]
[WhiteTeamCountry "GER"]
[BlackTeamCountry "GER"]

1. d4 f5 2. g3 Nf6 3. Bg2 g6 4. Nf3 Bg7 5. 0-0 0-0 6. c4 d6 7. Nc3 Qe8 8. Re1 Qf7 9. d5 Ne4 10. Nd4 c6 11. Nxe4 fxe4 12. Rf1 cxd5 13. Nb5 Na6 14. cxd5 Bf5 15. a3 Nc5 16. Rb1 Rfc8 17. Be3 a6 18. b4 Nd7 19. Na7 Rc3 20. Qd2 Qf8 21. Rfc1 Rxa3 22. Rc7 b5 23. Nc6 Re8 24. h3 h5 25. Rc1 Ne5 26. Bg5 Bf6 27. Qf4 Bxg5 28. Qxg5 Nxc6 29. dxc6 Qf6 1/2-1/2

[Event "Bundesliga 2122"]
[Site "Germany"]
[Date "2022.03.05"]
[Round "1.8"]
[White "Markgraf, Alexander"]
[Black "Doettling, Fabian"]
[Result "0-1"]
[WhiteElo "2482"]
[BlackElo "2587"]
[PlyCount "124"]
[EventDate "2022.03.05"]
[EventType "team-tourn"]
[EventRounds "15"]
[EventCountry "GER"]
[SourceTitle "EXT 2023"]
[Source "ChessBase"]
[SourceDate "2022.10.05"]
[SourceVersion "1"]
[SourceVersionDate "2022.10.05"]
[SourceQuality "1"]
[WhiteTeam "Werder Bremen"]
[BlackTeam "Baden-Baden"]
[WhiteTeamCountry "GER"]
[BlackTeamCountry "GER"]

1. e4 c6 2. d4 d5 3. e5 Bf5 4. Nf3 e6 5. Be2 Ne7 6. 0-0 h6 7. c3 Nd7 8. Na3 Bh7 9. Nc2 Ng6 10. Nfe1 Be7 11. f4 0-0 12. Bd3 f6 13. f5 exf5 14. e6 Nb6 15. Bxf5 Qe8 16. Qg4 Kh8 17. Nd3 Bd6 18. b3 Nc8 19. Qe2 Nce7 20. Bh3 Qb8 21. g3 Re8 22. Bxh6 gxh6 23. Rxf6 Rf8 24. Raf1 Rxf6 25. Rxf6 Bxg3 26. hxg3 Qxg3+ 27. Bg2 Nh4 28. Nce1 Nxg2 29. Qxg2 Qe3+ 30. Qf2 Rg8+ 31. Kh2 Qg5 32. Rf3 Bf5 33. Nf4 Be4 34. Nh3 Qh5 35. Rg3 Bf5 36. Ng2 Rxg3 37. Qxg3 Qxh3+ 38. Qxh3 Bxh3 39. Kxh3 Kg7 40. Kg4 Kf6 41. Nf4 b5 42. b4 Ng6 43. Nd3 Kxe6 44. Kh5 Kf5 45. Kxh6 Nf4 46. Ne5 Ne2 47. Nxc6 a6 48. Kg7 Nxc3 49. Kf7 Nxa2 50. Ke7 Ke4 51. Kd6 Nc1 52. Ne7 Kxd4 53. Nxd5 Nd3 54. Kc6 Kc4 55. Ne3+ Kxb4 56. Kb6 Nc5 57. Nd5+ Kc4 58. Ne3+ Kd3 59. Nd5 Kd4 60. Kc6 Nd3 61. Nb6 Nb4+ 62. Kb7 a5 0-1

[Event "Bundesliga 1920"]
[Site "Germany"]
[Date "2021.10.15"]
[Round "12.5"]
[White "Rogozenco, Dorian"]
[Black "Markgraf, Alexander"]
[Result "1/2-1/2"]
[WhiteElo "2484"]
[BlackElo "2483"]
[PlyCount "58"]
[EventDate "2019.11.23"]
[EventType "team-tourn"]
[EventRounds "15"]
[EventCountry "GER"]
[SourceTitle "EXT 2022"]
[Source "ChessBase"]
[SourceDate "2021.10.06"]
[SourceVersion "1"]
[SourceVersionDate "2021.10.06"]
[SourceQuality "1"]
[WhiteTeam "Hamburger SK"]
[BlackTeam "Werder Bremen"]
[WhiteTeamCountry "GER"]
[BlackTeamCountry "GER"]

1. d4 f5 2. g3 Nf6 3. Bg2 g6 4. c4 Bg7 5. Nc3 d6 6. Nf3 0-0 7. 0-0 c6 8. b3 Na6 9. Bb2 Qe8 10. d5 Bd7 11. Re1 Rb8 12. Rb1 Nc7 13. e4 fxe4 14. Ng5 cxd5 15. cxd5 Bg4 16. Qd2 Bh6 17. Ncxe4 Qd7 18. f4 Bf5 19. Ne6 Bxe4 20. Nxf8 Qf5 21. Bxe4 Nxe4 22. Qd3 Nxg3 23. Qc3 Nh5 24. Qh8+ Kf7 25. Qxh7+ Bg7 26. Bxg7 Qg4+ 27. Kh1 Qf3+ 28. Kg1 Qg4+ 29. Kh1 Qf3+ 1/2-1/2

[Event "Bundesliga 1920"]
[Site "Germany"]
[Date "2020.02.09"]
[Round "6.7"]
[White "Markgraf, Alexander"]
[Black "Blohberger, Felix"]
[Result "1/2-1/2"]
[WhiteElo "2483"]
[BlackElo "2434"]
[PlyCount "57"]
[EventDate "2019.11.23"]
[EventType "team-tourn"]
[EventRounds "15"]
[EventCountry "GER"]
[SourceTitle "CBM 194 Extra"]
[Source "ChessBase"]
[SourceDate "2020.03.31"]
[SourceVersion "1"]
[SourceVersionDate "2020.03.31"]
[SourceQuality "1"]
[WhiteTeam "Werder Bremen"]
[BlackTeam "Berlin SF"]
[WhiteTeamCountry "GER"]
[BlackTeamCountry "GER"]

1. e4 c5 2. Nf3 d6 3. d4 cxd4 4. Nxd4 Nf6 5. Nc3 a6 6. Be3 e6 7. f3 h5 8. Bc4 Qc7 9. Bb3 Nbd7 10. Qe2 Nc5 11. 0-0-0 Be7 12. Rhe1 b5 13. Bg5 b4 14. Nb1 Nxb3+ 15. axb3 Bb7 16. Nd2 Rc8 17. Nc4 0-0 18. Kb1 Rfd8 19. h4 d5 20. exd5 Rxd5 21. Nxe6 Rxd1+ 22. Rxd1 fxe6 23. Qxe6+ Kh8 24. Bxf6 Bxf6 25. Rd7 Qc6 26. Qf7 Ba8 27. Qxh5+ Kg8 28. Qf7+ Kh8 29. Qh5+ 1/2-1/2

[Event "Bundesliga 1920"]
[Site "Germany"]
[Date "2019.11.23"]
[Round "1.7"]
[White "Markgraf, Alexander"]
[Black "Handke, Florian"]
[Result "1/2-1/2"]
[WhiteElo "2483"]
[BlackElo "2529"]
[PlyCount "66"]
[EventDate "2019.11.23"]
[EventType "team-tourn"]
[EventRounds "15"]
[EventCountry "GER"]
[SourceTitle "CBM 193 Extra"]
[Source "ChessBase"]
[SourceDate "2020.01.31"]
[SourceVersion "1"]
[SourceVersionDate "2020.01.31"]
[SourceQuality "1"]
[WhiteTeam "Werder Bremen"]
[BlackTeam "Solingen"]
[WhiteTeamCountry "GER"]
[BlackTeamCountry "GER"]

1. e4 d6 2. d4 Nf6 3. Nc3 g6 4. f4 Bg7 5. Nf3 0-0 6. Bd3 Nc6 7. e5 dxe5 8. dxe5 Nd5 9. Bd2 Ncb4 10. Be4 c6 11. Qe2 Nxc3 12. Bxc3 a5 13. 0-0 Bg4 14. h3 Bxf3 15. Qxf3 e6 16. Rad1 Qc7 17. Bd4 f5 18. Bd3 Rfd8 19. Qf2 Qf7 20. a3 Nxd3 21. Rxd3 Bf8 22. Rfd1 b5 23. Bc5 Rd5 24. Bxf8 Kxf8 25. Rxd5 cxd5 26. Qc5+ Qe7 27. Qxb5 Qa7+ 28. Kh1 Rc8 29. c3 Rc4 30. Rd4 Rxd4 31. cxd4 Qxd4 32. Qd7 Qxf4 33. Qxe6 Qf1+ 1/2-1/2

[Event "BL2-Nord 1920"]
[Site "Germany"]
[Date "2019.10.20"]
[Round "2.3"]
[White "Markgraf, Alexander"]
[Black "Malek, Daniel"]
[Result "1/2-1/2"]
[WhiteElo "2486"]
[BlackElo "2342"]
[PlyCount "37"]
[EventDate "2019.10.19"]
[EventType "team-tourn"]
[EventRounds "9"]
[EventCountry "GER"]
[SourceTitle "CBM 194 Extra"]
[Source "ChessBase"]
[SourceDate "2020.03.31"]
[SourceVersion "1"]
[SourceVersionDate "2020.03.31"]
[SourceQuality "1"]
[WhiteTeam "Werder Bremen II"]
[BlackTeam "Zehlendorf"]
[WhiteTeamCountry "GER"]
[BlackTeamCountry "GER"]

1. e4 e5 2. Nf3 Nf6 3. Nxe5 d6 4. Nf3 Nxe4 5. Nc3 Nxc3 6. dxc3 Be7 7. Be3 0-0 8. Qd2 Nd7 9. 0-0-0 Nf6 10. Kb1 c5 11. h3 Be6 12. Ng5 Bd7 13. Bd3 Bc6 14. Rhe1 Re8 15. Bf4 Bf8 16. Bf5 Qc7 17. a3 Rxe1 18. Rxe1 Re8 19. Rxe8 1/2-1/2

[Event "Bundesliga 1819"]
[Site "Germany"]
[Date "2019.03.02"]
[Round "10.4"]
[White "Markgraf, Alexander"]
[Black "Rogozenco, Dorian"]
[Result "0-1"]
[WhiteElo "2489"]
[BlackElo "2495"]
[PlyCount "104"]
[EventDate "2018.11.10"]
[EventType "team-tourn"]
[EventRounds "15"]
[EventCountry "GER"]
[SourceTitle "CBM 189 Extra"]
[Source "ChessBase"]
[SourceDate "2019.05.31"]
[SourceVersion "1"]
[SourceVersionDate "2019.05.31"]
[SourceQuality "1"]
[WhiteTeam "Werder Bremen"]
[BlackTeam "Hamburger SK"]
[WhiteTeamCountry "GER"]
[BlackTeamCountry "GER"]

1. e4 c5 2. Nf3 Nc6 3. d4 cxd4 4. Nxd4 Nf6 5. Nc3 e6 6. Ndb5 d6 7. Bf4 e5 8. Bg5 a6 9. Na3 b5 10. Bxf6 gxf6 11. Nd5 f5 12. c3 Bg7 13. Bd3 Be6 14. Nxb5 axb5 15. Bxb5 Bd7 16. exf5 Nb8 17. a4 Bxb5 18. axb5 Rxa1 19. Qxa1 0-0 20. 0-0 Nd7 21. Qa7 e4 22. b6 Be5 23. Qc7 Kg7 24. Ra1 Nf6 25. Ne7 Qd7 26. Ra5 Re8 27. Qxd7 Nxd7 28. Nd5 Rb8 29. Rb5 Rb7 30. g3 Bf6 31. b4 Be5 32. c4 Bd4 33. Kg2 Kf8 34. h4 Ke8 35. f3 e3 36. Kf1 Nxb6 37. c5 Nxd5 38. Rxb7 dxc5 39. bxc5 Bxc5 40. Rb5 e2+ 41. Ke1 Bb4+ 42. Rxb4 Nxb4 43. Kxe2 Ke7 44. Ke3 Kf6 45. Ke4 Na6 46. g4 Nc5+ 47. Kf4 h5 48. g5+ Ke7 49. Ke3 f6 50. Kf4 Nb7 51. Ke4 Nd6+ 52. Kf4 Kf7 0-1

[Event "Bundesliga 1819"]
[Site "Germany"]
[Date "2019.03.01"]
[Round "9.4"]
[White "Markgraf, Alexander"]
[Black "Van Osch, Mees"]
[Result "1/2-1/2"]
[WhiteElo "2489"]
[BlackElo "2281"]
[PlyCount "58"]
[EventDate "2018.11.10"]
[EventType "team-tourn"]
[EventRounds "15"]
[EventCountry "GER"]
[SourceTitle "CBM 189 Extra"]
[Source "ChessBase"]
[SourceDate "2019.05.31"]
[SourceVersion "1"]
[SourceVersionDate "2019.05.31"]
[SourceQuality "1"]
[WhiteTeam "Werder Bremen"]
[BlackTeam "Muelheim Nord"]
[WhiteTeamCountry "GER"]
[BlackTeamCountry "GER"]

1. e4 e6 2. d4 d5 3. Nc3 Nf6 4. e5 Nfd7 5. f4 c5 6. Nf3 Nc6 7. Be3 cxd4 8. Nxd4 Qb6 9. Be2 Bc5 10. Na4 Qa5+ 11. c3 Nxd4 12. Bxd4 Bxd4 13. Qxd4 b6 14. Bd1 b5 15. Nc5 Nxc5 16. Qxc5 Bd7 17. Bb3 Rc8 18. Qd4 Qc7 19. 0-0 0-0 20. Rad1 a5 21. a3 Rb8 22. f5 exf5 23. Bxd5 Rbd8 24. Qf4 Bc8 25. Kh1 Qc5 26. Bb3 Be6 27. Bc2 g6 28. Rxd8 Rxd8 29. Rd1 Rd5 1/2-1/2

[Event "Oberliga Nord W 1819"]
[Site "Germany"]
[Date "2019.02.24"]
[Round "7.3"]
[White "Markgraf, Alexander"]
[Black "Nedic, Dusan"]
[Result "1-0"]
[WhiteElo "2492"]
[BlackElo "2320"]
[PlyCount "101"]
[EventDate "2018.10.21"]
[EventType "team-tourn"]
[EventRounds "9"]
[EventCountry "GER"]
[SourceTitle "EXT 2020"]
[Source "ChessBase"]
[SourceDate "2019.10.17"]
[SourceVersion "1"]
[SourceVersionDate "2019.10.17"]
[SourceQuality "1"]
[WhiteTeam "Werder Bremen II"]
[BlackTeam "Tostedt"]
[WhiteTeamCountry "GER"]
[BlackTeamCountry "GER"]

1. e4 e5 2. Nf3 Nc6 3. Bc4 Bc5 4. d3 Nf6 5. 0-0 d6 6. c3 a6 7. a4 0-0 8. Bg5 h6 9. Bh4 g5 10. Bg3 Ba7 11. Nbd2 Na5 12. Ba2 Nh5 13. b4 Nxg3 14. hxg3 Nc6 15. Nc4 g4 16. Nh4 Qg5 17. b5 Nb8 18. d4 Nd7 19. Qd3 Nf6 20. b6 Bxb6 21. Nxb6 cxb6 22. Rfb1 Bd7 23. Rxb6 Bc6 24. d5 Bxa4 25. Nf5 Rfd8 26. Rxb7 Nd7 27. Qe2 Nc5 28. Rb6 Bd7 29. Nxd6 h5 30. Qc4 Na4 31. Rb7 Qf6 32. Nf5 Rac8 33. Qb4 Bxf5 34. Qxa4 Bg6 35. Rc1 h4 36. gxh4 Qxh4 37. Qxa6 g3 38. fxg3 Qxg3 39. Qe2 Rxc3 40. Rxc3 Qxc3 41. Rb3 Qd4+ 42. Qf2 Qd1+ 43. Kh2 Kg7 44. Rh3 Qg4 45. Qe3 Qxe4 46. Qh6+ Kf6 47. Rf3+ Ke7 48. Qg5+ Kd7 49. Qf6 Qc2 50. d6 Re8 51. Bb3 1-0

[Event "Bundesliga 1819"]
[Site "Germany"]
[Date "2018.11.10"]
[Round "1.6"]
[White "Kollars, Dmitrij"]
[Black "Markgraf, Alexander"]
[Result "1/2-1/2"]
[WhiteElo "2542"]
[BlackElo "2489"]
[PlyCount "65"]
[EventDate "2018.11.10"]
[EventType "team-tourn"]
[EventRounds "15"]
[EventCountry "GER"]
[SourceTitle "CBM 187 Extra"]
[Source "ChessBase"]
[SourceDate "2018.11.04"]
[SourceVersion "1"]
[SourceVersionDate "2018.11.04"]
[SourceQuality "1"]
[WhiteTeam "Deizisau"]
[BlackTeam "Werder Bremen"]
[WhiteTeamCountry "GER"]
[BlackTeamCountry "GER"]

1. e4 c5 2. Nf3 d6 3. d4 cxd4 4. Nxd4 Nf6 5. Nc3 Nc6 6. Bg5 e6 7. Qd2 a6 8. 0-0-0 h6 9. Bf4 Bd7 10. Nxc6 Bxc6 11. Qe1 Qb8 12. Nd5 Nd7 13. Bg3 b5 14. f4 Bb7 15. Ne3 Bxe4 16. f5 e5 17. Bd3 Bc6 18. Bh4 Qb7 19. Qg3 Nf6 20. Kb1 Nh5 21. Qg4 Nf4 22. Rhe1 f6 23. Bf1 0-0-0 24. Rd2 Nd5 25. Nxd5 Bxd5 26. c4 Bc6 27. cxb5 axb5 28. Qb4 d5 29. Qa5 Qc7 30. Qa6+ Qb7 31. Qa5 Qc7 32. Qa6+ Qb7 33. Qa5 1/2-1/2

[Event "Bundesliga 1617"]
[Site "Germany"]
[Date "2017.04.30"]
[Round "14.6"]
[White "Lauber, Arnd"]
[Black "Markgraf, Alexander"]
[Result "1/2-1/2"]
[WhiteElo "2434"]
[BlackElo "2523"]
[PlyCount "90"]
[EventDate "2016.10.15"]
[EventType "team-tourn"]
[EventRounds "15"]
[EventCountry "GER"]
[SourceTitle "CBM 178"]
[Source "ChessBase"]
[SourceDate "2017.05.14"]
[SourceVersion "1"]
[SourceVersionDate "2017.05.14"]
[SourceQuality "1"]
[WhiteTeam "Berlin SF"]
[BlackTeam "Werder Bremen"]
[WhiteTeamCountry "GER"]
[BlackTeamCountry "GER"]

1. d4 f5 2. c4 Nf6 3. g3 g6 4. Bg2 Bg7 5. Nc3 d6 6. Nh3 0-0 7. Bg5 c6 8. Qd2 e5 9. d5 c5 10. 0-0 Na6 11. e4 Nc7 12. Rae1 b5 13. cxb5 Rb8 14. f4 h6 15. fxe5 hxg5 16. exd6 Nxb5 17. e5 Nxc3 18. exf6 Ne4 19. Bxe4 Bxf6 20. Bg2 Rxb2 21. Qc1 Qxd6 22. Nxg5 Bb7 23. Rd1 Rxa2 24. Bf3 Ra1 25. Qf4 Qxf4 26. gxf4 Rxd1 27. Rxd1 c4 28. Be2 c3 29. d6 Bxg5 30. fxg5 c2 31. Rc1 Be4 32. Bc4+ Kg7 33. Bb3 Rc8 34. Bxc2 Bxc2 35. Kf2 Kf7 36. d7 Rd8 37. Rxc2 Rxd7 38. Ra2 Rb7 39. Ra6 Rb2+ 40. Kg3 Rb3+ 41. Kf4 Rb4+ 42. Kf3 Rb7 43. h4 Kg7 44. Kf4 Re7 45. Kf3 Rb7 1/2-1/2

[Event "Bundesliga 1617"]
[Site "Germany"]
[Date "2017.03.19"]
[Round "10.2"]
[White "Kraemer, Enrico"]
[Black "Markgraf, Alexander"]
[Result "1/2-1/2"]
[WhiteElo "2209"]
[BlackElo "2523"]
[PlyCount "87"]
[EventDate "2016.10.15"]
[EventType "team-tourn"]
[EventRounds "15"]
[EventCountry "GER"]
[SourceTitle "CBM 178"]
[Source "ChessBase"]
[SourceDate "2017.05.14"]
[SourceVersion "1"]
[SourceVersionDate "2017.05.14"]
[SourceQuality "1"]
[WhiteTeam "Schwegenheim"]
[BlackTeam "Werder Bremen"]
[WhiteTeamCountry "GER"]
[BlackTeamCountry "GER"]

1. d4 f5 2. Bg5 g6 3. Nc3 Bg7 4. h4 d5 5. Qd2 c6 6. e3 Nd7 7. h5 h6 8. Bf4 g5 9. Bg3 e5 10. dxe5 Nxe5 11. 0-0-0 Qe7 12. Nf3 Nxf3 13. gxf3 Nf6 14. f4 g4 15. Bh4 Qb4 16. a3 Qb6 17. Na4 Qc7 18. Bxf6 Bxf6 19. Nc5 Qe7 20. Nb3 Bd7 21. Kb1 0-0-0 22. Nd4 Bg7 23. Bd3 Rhf8 24. c3 c5 25. Ne2 Kb8 26. Ng3 Be6 27. Rhe1 Qf7 28. Qe2 Rd6 29. Rc1 Rb6 30. Ka1 Qd7 31. Qc2 Ka8 32. Rb1 Rf6 33. Red1 Rf7 34. Rd2 Rf8 35. Be2 d4 36. c4 Qf7 37. Bd3 dxe3 38. fxe3 a6 39. Ka2 Rd8 40. b3 Rbd6 41. Rbd1 Qf6 42. e4 Qc3 43. Qb1 b5 44. Ne2 1/2-1/2

[Event "Bundesliga 1617"]
[Site "Germany"]
[Date "2017.03.18"]
[Round "9.1"]
[White "Markgraf, Alexander"]
[Black "Meier, Georg"]
[Result "0-1"]
[WhiteElo "2523"]
[BlackElo "2648"]
[PlyCount "110"]
[EventDate "2016.10.15"]
[EventType "team-tourn"]
[EventRounds "15"]
[EventCountry "GER"]
[SourceTitle "CBM 178"]
[Source "ChessBase"]
[SourceDate "2017.05.14"]
[SourceVersion "1"]
[SourceVersionDate "2017.05.14"]
[SourceQuality "1"]
[WhiteTeam "Werder Bremen"]
[BlackTeam "Baden-Baden"]
[WhiteTeamCountry "GER"]
[BlackTeamCountry "GER"]

1. e4 e6 2. d4 d5 3. Nc3 dxe4 4. Nxe4 Nd7 5. Nf3 Ngf6 6. Bd3 c5 7. 0-0 Nxe4 8. Bxe4 Nf6 9. Bg5 cxd4 10. Qe2 Qb6 11. Rfd1 Nxe4 12. Qxe4 f6 13. Bh4 Be7 14. Qxd4 e5 15. Qxb6 axb6 16. Nd2 b5 17. Ne4 Bd7 18. Nd6+ Bxd6 19. Rxd6 Bc6 20. f3 Kf7 21. a3 g5 22. Be1 Rhg8 23. Bc3 Ra4 24. h3 h5 25. Kf2 Rf4 26. Bd2 Rc4 27. Rc1 Ra4 28. Bb4 Raa8 29. Bc3 Rae8 30. Rcd1 Re6 31. Rd8 Rxd8 32. Rxd8 h4 33. g3 hxg3+ 34. Kxg3 Kg6 35. Bd2 Re7 36. Rd6 Rh7 37. Bc3 Kf7 38. Ba5 Rh4 39. Bd2 Rc4 40. c3 Ke7 41. Rd3 Rh4 42. Be3 Bd7 43. Bc5+ Ke8 44. Rd6 Rxh3+ 45. Kg2 Rh6 46. Kg3 Rg6 47. Kf2 Bc6 48. Re6+ Kf7 49. Re7+ Kg8 50. Re6 Rh6 51. Kg3 Kf7 52. Rd6 Rh4 53. Be3 Rh1 54. Bb6 Rf1 55. Bf2 f5 0-1

[Event "Bundesliga 1617"]
[Site "Germany"]
[Date "2017.02.19"]
[Round "8.6"]
[White "Markgraf, Alexander"]
[Black "Schenk, Andreas"]
[Result "1-0"]
[WhiteElo "2523"]
[BlackElo "2463"]
[PlyCount "73"]
[EventDate "2016.10.15"]
[EventType "team-tourn"]
[EventRounds "15"]
[EventCountry "GER"]
[SourceTitle "CBM 177"]
[Source "ChessBase"]
[SourceDate "2017.03.16"]
[SourceVersion "1"]
[SourceVersionDate "2017.03.16"]
[SourceQuality "1"]
[WhiteTeam "Werder Bremen"]
[BlackTeam "Bayern Muenchen"]
[WhiteTeamCountry "GER"]
[BlackTeamCountry "GER"]

1. e4 e6 2. d4 d5 3. Nc3 Nf6 4. e5 Nfd7 5. f4 c5 6. Nf3 Be7 7. Be3 b6 8. Be2 0-0 9. 0-0 Ba6 10. f5 Bxe2 11. Nxe2 exf5 12. c3 cxd4 13. cxd4 b5 14. Qd3 g6 15. Bh6 Re8 16. Nf4 Nc6 17. Nxd5 Nb6 18. Nxe7+ Nxe7 19. Qxb5 Nbd5 20. Qa6 Qd7 21. Rac1 Rab8 22. b3 f4 23. Nd2 Rb4 24. Rc4 Nf5 25. Bxf4 Nxd4 26. Rxb4 Nxb4 27. Qc4 Nbc6 28. Ne4 Kg7 29. Nf6 Qe7 30. Bg5 Qe6 31. Nxe8+ Qxe8 32. Bf6+ Kg8 33. Rc1 Qd7 34. h3 Qf5 35. Kh1 Qf4 36. Rd1 Qe3 37. Rxd4 1-0

[Event "Bundesliga 1617"]
[Site "Germany"]
[Date "2016.12.03"]
[Round "5.1"]
[White "Markgraf, Alexander"]
[Black "Zaragatski, Ilja"]
[Result "0-1"]
[WhiteElo "2523"]
[BlackElo "2502"]
[PlyCount "136"]
[EventDate "2016.10.15"]
[EventType "team-tourn"]
[EventRounds "15"]
[EventCountry "GER"]
[SourceTitle "CBM 176"]
[Source "ChessBase"]
[SourceDate "2017.01.17"]
[SourceVersion "1"]
[SourceVersionDate "2017.01.17"]
[SourceQuality "1"]
[WhiteTeam "Werder Bremen"]
[BlackTeam "Aachen"]
[WhiteTeamCountry "GER"]
[BlackTeamCountry "GER"]

1. e4 e6 2. d4 d5 3. Nc3 Nc6 4. e5 a6 5. Nf3 f6 6. Bd3 fxe5 7. dxe5 Nh6 8. Bf4 Nf7 9. h4 Bc5 10. Qd2 Bd7 11. 0-0-0 Qe7 12. Bg5 Nxg5 13. hxg5 0-0-0 14. Bxh7 Be8 15. Bd3 Bh5 16. Rde1 Bxf3 17. Rxh8 Rxh8 18. gxf3 d4 19. Nb1 Bb4 20. c3 dxc3 21. bxc3 Ba5 22. f4 Rd8 23. Qc2 Qf8 24. f5 exf5 25. Bxf5+ Kb8 26. e6 Ne7 27. Be4 Qf4+ 28. Kb2 Rd6 29. Bh1 Qxg5 30. Ka1 Qf6 31. Re3 Bb6 32. Qe4 Rc6 33. Rg3 g6 34. Rh3 Qxe6 35. Rh8+ Ka7 36. Re8 Bc5 37. Qf4 Rd6 38. Qf8 Rd1 39. Ra8+ Kb6 40. Bxb7 Rxb1+ 41. Kxb1 Kxb7 42. Qb8+ Kc6 43. Rxa6+ Bb6 44. Qe8+ Kc5 45. Ra4 Qe1+ 46. Kc2 Qxf2+ 47. Kb3 Qe2 48. Rd4 Qb5+ 49. Qxb5+ Kxb5 50. Re4 Bc5 51. a4+ Kc6 52. Kc4 Bd6 53. Rg4 Kb6 54. Rg5 Bf4 55. Rg2 g5 56. Re2 Nf5 57. Rb2+ Ka6 58. Kd5 Ka5 59. Ra2 Ne3+ 60. Ke4 Nc4 61. Kd3 Nb6 62. Kc2 g4 63. Kd3 g3 64. Kd4 Bd6 65. Ra1 Nd7 66. Ra2 Bc5+ 67. Ke4 Bf2 68. Kf3 Nb6 0-1

[Event "Bundesliga 1516"]
[Site "Germany"]
[Date "2016.04.23"]
[Round "14.7"]
[White "Zeller, Frank"]
[Black "Markgraf, Alexander"]
[Result "0-1"]
[WhiteElo "2394"]
[BlackElo "2488"]
[PlyCount "74"]
[EventDate "2015.09.18"]
[EventType "team-tourn"]
[EventRounds "15"]
[EventCountry "GER"]
[SourceTitle "CBM 172"]
[Source "ChessBase"]
[SourceDate "2016.05.12"]
[SourceVersion "1"]
[SourceVersionDate "2016.05.12"]
[SourceQuality "1"]
[WhiteTeam "Schwaebisch Hall"]
[BlackTeam "Werder Bremen"]
[WhiteTeamCountry "GER"]
[BlackTeamCountry "GER"]

1. e4 c5 2. Nf3 d6 3. d4 cxd4 4. Nxd4 Nf6 5. Nc3 Nc6 6. Bc4 e6 7. Be3 Be7 8. Qe2 a6 9. Bb3 Na5 10. g4 d5 11. 0-0-0 0-0 12. Kb1 Nxb3 13. axb3 e5 14. Nf5 d4 15. Bg5 Be6 16. f4 Bxf5 17. gxf5 Qc7 18. Bxf6 Bxf6 19. Nd5 Qd6 20. fxe5 Bxe5 21. Rhf1 f6 22. Rf3 a5 23. Rh3 Rf7 24. Qh5 h6 25. Qg6 Kf8 26. Qh7 Ke8 27. c3 dxc3 28. bxc3 Qa3 29. Kc2 Qa2+ 30. Kd3 Kd7 31. Qg6 Raf8 32. Kc4 b5+ 33. Kc5 Bd6+ 34. Kb6 Qa3 35. Qg1 Rb8+ 36. Ka6 Kc6 37. Nb6 Bc5 0-1

[Event "Bundesliga 1516"]
[Site "Germany"]
[Date "2016.04.10"]
[Round "13.5"]
[White "Karger, Frank"]
[Black "Markgraf, Alexander"]
[Result "0-1"]
[WhiteElo "2282"]
[BlackElo "2488"]
[PlyCount "71"]
[EventDate "2015.09.18"]
[EventType "team-tourn"]
[EventRounds "15"]
[EventCountry "GER"]
[SourceTitle "CBM 172"]
[Source "ChessBase"]
[SourceDate "2016.05.12"]
[SourceVersion "1"]
[SourceVersionDate "2016.05.12"]
[SourceQuality "1"]
[WhiteTeam "Dortmund Hansa"]
[BlackTeam "Werder Bremen"]
[WhiteTeamCountry "GER"]
[BlackTeamCountry "GER"]

1. d4 f5 2. Nc3 Nf6 3. Bg5 d5 4. Bxf6 exf6 5. e3 Be6 6. Qf3 Nc6 7. Bb5 Qd7 8. Nge2 a6 9. Ba4 g5 10. a3 0-0-0 11. b4 h5 12. h4 b5 13. Bb3 Ne7 14. g3 f4 15. gxf4 Bg4 16. Qg2 gxh4 17. Rxh4 c6 18. f3 Be6 19. Nd1 Nf5 20. Rh2 h4 21. c3 h3 22. Qf2 Bd6 23. a4 Kb7 24. axb5 axb5 25. e4 Nh4 26. Ne3 dxe4 27. d5 Nxf3+ 28. Kd1 Bb8 29. Nd4 Nxd4 30. cxd4 cxd5 31. Qa2 Kc7 32. Rc1+ Kd6 33. Bxd5 Ke7 34. Bxe6 Qxd4+ 35. Rd2 Qxd2+ 36. Qxd2 0-1

[Event "Bundesliga 1516"]
[Site "Germany"]
[Date "2016.04.09"]
[Round "12.5"]
[White "Markgraf, Alexander"]
[Black "Feygin, Michael"]
[Result "1-0"]
[WhiteElo "2488"]
[BlackElo "2485"]
[PlyCount "67"]
[EventDate "2015.09.18"]
[EventType "team-tourn"]
[EventRounds "15"]
[EventCountry "GER"]
[SourceTitle "CBM 172"]
[Source "ChessBase"]
[SourceDate "2016.05.12"]
[SourceVersion "1"]
[SourceVersionDate "2016.05.12"]
[SourceQuality "1"]
[WhiteTeam "Werder Bremen"]
[BlackTeam "Muelheim Nord"]
[WhiteTeamCountry "GER"]
[BlackTeamCountry "GER"]

1. e4 e6 2. d4 d5 3. Nc3 Nf6 4. e5 Nfd7 5. f4 c5 6. Nf3 Nc6 7. Be3 b6 8. Be2 Be7 9. 0-0 0-0 10. Kh1 Bb7 11. Qe1 f6 12. Qg3 cxd4 13. Nxd4 Nxd4 14. Bxd4 f5 15. Qe3 Nc5 16. b4 Ne4 17. Nxe4 dxe4 18. c3 Qc7 19. a4 Rfc8 20. a5 Bd8 21. Rfc1 Qd7 22. b5 Rab8 23. c4 Ba8 24. c5 bxc5 25. Bxc5 Rb7 26. Rd1 Qf7 27. Qd4 h6 28. Qxd8+ Rxd8 29. Rxd8+ Kh7 30. Rxa8 Rc7 31. Rxa7 Rxa7 32. Bxa7 Qxa7 33. b6 Qd7 34. Rb1 1-0

[Event "Bundesliga 1516"]
[Site "Germany"]
[Date "2016.02.21"]
[Round "9.7"]
[White "Markgraf, Alexander"]
[Black "Polischuk, Viktor"]
[Result "1-0"]
[WhiteElo "2488"]
[BlackElo "2321"]
[PlyCount "67"]
[EventDate "2015.09.18"]
[EventType "team-tourn"]
[EventRounds "15"]
[EventCountry "GER"]
[SourceTitle "CBM 171"]
[Source "ChessBase"]
[SourceDate "2016.03.14"]
[SourceVersion "2"]
[SourceVersionDate "2016.03.14"]
[SourceQuality "1"]
[WhiteTeam "Werder Bremen"]
[BlackTeam "Norderstedt"]
[WhiteTeamCountry "GER"]
[BlackTeamCountry "GER"]

1. e4 c5 2. Nf3 e6 3. d4 cxd4 4. Nxd4 Nf6 5. Nc3 Nc6 6. Ndb5 d6 7. Bf4 e5 8. Bg5 a6 9. Na3 b5 10. Bxf6 gxf6 11. Nd5 f5 12. c3 Bg7 13. Bd3 Be6 14. Nxb5 axb5 15. Bxb5 Bd7 16. exf5 e4 17. 0-0 0-0 18. a4 Rc8 19. Qg4 Re8 20. Rad1 Re5 21. Ne3 Qf6 22. Nc4 Bxf5 23. Qg3 d5 24. Nxe5 Nxe5 25. Rxd5 h5 26. h3 Kh7 27. a5 Rg8 28. a6 Nf3+ 29. Kh1 Bh6 30. a7 Rxg3 31. fxg3 Qg5 32. Rxf5 Qg8 33. Rxf7+ Kg6 34. Bc6 1-0